<?xml version="1.0" encoding="UTF-8"?>
<record
    xmlns:xsi="http://www.w3.org/2001/XMLSchema-instance"
    xsi:schemaLocation="http://www.loc.gov/MARC21/slim http://www.loc.gov/standards/marcxml/schema/MARC21slim.xsd"
    xmlns="http://www.loc.gov/MARC21/slim">

  <leader>01172    a2200205   4500</leader>
  <controlfield tag="001">39234</controlfield>
  <controlfield tag="005">20260407155651.0</controlfield>
  <controlfield tag="008">260407a    arg                 spa d    </controlfield>
  <controlfield tag="003">AR-UNSa-BCEJYS</controlfield>
  <datafield tag="040" ind1=" " ind2=" ">
    <subfield code="a">AR-UNSa-BCEJYS</subfield>
    <subfield code="b">spa</subfield>
    <subfield code="c">AR-UNSa-BCEJYS</subfield>
  </datafield>
  <datafield tag="080" ind1=" " ind2=" ">
    <subfield code="a">658.012.2</subfield>
    <subfield code="x">Planificaci&#xF3;n. Programas. Planes. Medidas de apoyo a la planificaci&#xF3;n( Administraci&#xF3;n estrat&#xE9;gica...)</subfield>
  </datafield>
  <datafield tag="245" ind1="1" ind2="0">
    <subfield code="a">Estrategias de las empresas multinacionales</subfield>
  </datafield>
  <datafield tag="264" ind1=" " ind2="1">
    <subfield code="a">New York :</subfield>
    <subfield code="b">McGraw-Hill</subfield>
  </datafield>
  <datafield tag="300" ind1=" " ind2=" ">
    <subfield code="a">330 p.</subfield>
    <subfield code="c">20 cm.</subfield>
  </datafield>
  <datafield tag="505" ind1=" " ind2=" ">
    <subfield code="a">1. La empresa multinacional - 2. Estructura org&#xE1;nica de las compa&#xF1;ias multinacionales - 3. Planificaci&#xF3;n estrat&#xE9;gicas: procesos, conceptos y formas - 4. Fijaci&#xF3;n de objetivos: examen gerencial y an&#xE1;lisis del ambiente y la competencia - 5. Estrategia de comercializaci&#xF3;n internacional - 6. Estrategia de producci&#xF3;n, log&#xED;stica, tecnol&#xF3;gica y de personal - 7. Estrategia financiera - 8. Inversi&#xF3;n internacional y estrategias de adquisici&#xF3;n - 9. Estrategia de posesi&#xF3;n - 10. Control internacional de las estrategia </subfield>
  </datafield>
  <datafield tag="942" ind1=" " ind2=" ">
    <subfield code="c">BK</subfield>
  </datafield>
  <datafield tag="590" ind1=" " ind2=" ">
    <subfield code="a">niveau_biblio:m niveau_hierar:0</subfield>
  </datafield>
  <datafield tag="100" ind1="1" ind2=" ">
    <subfield code="a">Marino, Mario A.</subfield>
  </datafield>
  <datafield tag="700" ind1="1" ind2=" ">
    <subfield code="a">Dymsza, William A.</subfield>
  </datafield>
  <datafield tag="999" ind1=" " ind2=" ">
    <subfield code="c">2983</subfield>
    <subfield code="d">2983</subfield>
  </datafield>
  <datafield tag="952" ind1=" " ind2=" ">
    <subfield code="0">0</subfield>
    <subfield code="1">0</subfield>
    <subfield code="4">0</subfield>
    <subfield code="7">0</subfield>
    <subfield code="a">BCEJYS</subfield>
    <subfield code="b">BCEJYS</subfield>
    <subfield code="c">16</subfield>
    <subfield code="d">2026-04-07</subfield>
    <subfield code="l">0</subfield>
    <subfield code="o">658.012.2 D997</subfield>
    <subfield code="p">L25276</subfield>
    <subfield code="r">2026-04-07 15:56:51</subfield>
    <subfield code="w">2026-04-07</subfield>
    <subfield code="y">L</subfield>
  </datafield>
</record>
